| 000 -CABECERA |
| fixed length control field |
00956nam a22002537a 4500 |
| 003 - IDENTIFICADOR DEL NÚMERO DE CONTROL |
| control field |
AR-CdUCM |
| 008 - DATOS DE LONGITUD FIJA--INFORMACIÓN GENERAL |
| fixed length control field |
190322b ||||| |||| 00| 0 spa d |
| 040 ## - FUENTE DE LA CATALOGACIÓN |
| Agencia/entidad que catalogó originalmente la obra |
MUNICIPALIDAD PROVINCIAL DEL CUSCO |
| Entidad que transcribió la catalogación |
BIBLIOTECA MUNICIPAL DEL CUSCO |
| 082 ## - NÚMERO DE LA CLASIFICACIÓN DECIMAL DEWEY |
| No. de la edición |
4ed. |
| No. de Clasificación |
301.37 / |
| Notacion interna |
C35 |
| 100 ## - ENTRADA PRINCIPAL--NOMBRE DE PERSONA |
| Nombre Personal |
Castro, Josué de |
| 245 ## - MENCIÓN DE TÍTULO |
| Título |
Geopolítica del hambre : |
| Resto del título |
Ensayo sobre los problemas alimentarios y demográficos del mundo / |
| 260 ## - PUBLICACIÓN, DISTRIBUCIÓN, ETC. |
| Lugar de publicación, distribución, etc. |
Buenos Aires : |
| Nombre de la editorial, distribuidor, etc. |
Solar Hachette, |
| Fecha de publicación, distribución, etc. |
1970. |
| 300 ## - DESCRIPCIÓN FÍSICA |
| Nº de Páginas Extensión |
409 páginas ; |
| Otros detalles físicos |
láminas, |
| Dimensiones |
22 cm. |
| 440 ## - MENCIÓN DE SERIE/PUNTO DE ACCESO ADICIONAL--TÍTULO |
| Título |
Biblioteca Dimensión Americana. |
| 9 (RLIN) |
23132 |
| 505 ## - NOTA DE CONTENIDO CON FORMATO |
| Nota de contenido formateada |
Contenido: El fenómeno universal del hambre -- Distribución regional del hambre -- Un mundo sin hambre. |
| 650 ## - PUNTO DE ACCESO ADICIONAL DE MATERIA--TÉRMINO DE MATERIA |
| Descriptor |
Aspectos sociales |
| 9 (RLIN) |
262 |
| 650 ## - PUNTO DE ACCESO ADICIONAL DE MATERIA--TÉRMINO DE MATERIA |
| Descriptor |
Hambre |
| 9 (RLIN) |
7447 |
| 650 ## - PUNTO DE ACCESO ADICIONAL DE MATERIA--TÉRMINO DE MATERIA |
| Descriptor |
Abastecimiento de alimentos |
| 9 (RLIN) |
6017 |
| 650 ## - PUNTO DE ACCESO ADICIONAL DE MATERIA--TÉRMINO DE MATERIA |
| Descriptor |
Nutrición |
| 9 (RLIN) |
2384 |
| 700 ## - PUNTO DE ACCESO ADICIONAL--NOMBRE DE PERSONA |
| Nombre Personal |
Cóccaro, Nicolás (traducción) |
| 9 (RLIN) |
23133 |
| 942 ## - ELEMENTOS DE PUNTO DE ACCESO ADICIONAL (KOHA) |
| Fuente de clasificación |
|
| Tipo de item |
Libros-BMC |
| 945 ## - PROCESAMIENTO DE INFORMACIÓN LOCAL (OCLC) |
| Catalogador |
achl |